000 00821nam a2200205 i 4500
001 152432
003 ES-MaACL
005 20230906204737.0
008 051013s1902 xxk |||| | eng d
080 _a397.7(=214.58:460)
100 1 _aBorrow, George Henry (
_d1803-1881)
_930609
245 1 0 _aThe zincali
_b: or an account of the gypsies of Spain, with an original collection of their and a copius dictionary of their language /
_cby George Borrow.
260 _aLondon and New York :
_bJohn Lane,
_c1902 (
_fWilliam Clowes and Sons)
300 _aXXI, 493 p. ;
_c15 cm.
650 4 _aGitanos-
_zEspaña.
_9146948
650 4 _aDialecto caló.
_9149852
740 3 2 _aAn account of the gypsies of Spain.
752 _aEstados Unidos de América -
_dNueva York
852 _aES-MaACL
_jG-2931
_z- Enc. tela con hierros
999 _c152432
_d152432